القدوة الصالحة : (رقم التسجيلة. 4765)

تفاصيل مارك
000 -الفاتح
عناصر البيانات ثابتة الطول 00637cam a2200169 i 4500
005 - تاريخ ووقت آخر معاملة
حقل ضبط 20251228085404.0
008 - عناصر البيانات ثابتة الطول
عناصر البيانات ثابتة الطول 250721s1997 jo gr 000 0 ara d
082 14 - رقم تصنيف ديوي العشري
رقم التصنيف 218,6
رقم المادة ج ر ا
100 1# - مدخل رئيسي – اسم شخصي
الاسم الشخصي جرار، حسني أدهم
علاقة الشخص بالعمل/ دوره مؤلف.
245 12 - بيان العنوان
العنوان القدوة الصالحة :
بقية العنوان أخلاق قرآنية و نماذج ربانية /
بيان المسؤولية حسني ادهم جرار.
250 ## - بيان الطبعة
بيان الطبعة الطبعة الثانية، طبعة معدلة.
264 31 - بيانات النشر، التوزيع…إلخ
مكان النشر، التوزيع...إلخ عمان :
اسم الناشر، الموزع...إلخ دار الضياء للنشر والتوزيع،
تاريخ النشر، التوزيع...إلخ 1997.
300 ## - الوصف المادي
عدد الوحدات المكونة للوعاء 152صفحة.
650 17 - مدخل إضافي بالموضوع - مصطلح موضوعي
مصطلح موضوعي أو اسم جغرافي كعنصر مدخل الآداب الإسلامية.
942 ## - بيانات إضافية (كوها)
نوع التنصيف Dewey Decimal Classification
نوع المادة (كوها) كتب
المقتنيات
حالة السحب حالة الفقدان مصدر التصنيف حالة التلف غير قابل للإعارة المكتبة الرئيسية المكتبة الحالية موقع الرف تاريخ التزويد الرقم المتسلسل Total Checkouts رقم الإستدعاء الباركود تاريخ آخر ظهور تاريخ الفاتورة نوع المادة (كوها)
    Dewey Decimal Classification     المكتبة المركزية المكتبة المركزية الإعارة 06/07/2004 254411   218,6 / ج ر ا 254411 28/07/2025 06/07/2004 كتب
    Dewey Decimal Classification Unchecked   مكتبة أبو علندا العامة مكتبة أبو علندا العامة الإعارة 06/07/2004 360   218,6/حسن   28/07/2025 06/07/2004 كتب
    Dewey Decimal Classification     مكتبة الأميرة سلمى مكتبة الأميرة سلمى الإعارة 02/07/2015 1469615   218,6/حسن PLD00335509 28/07/2025 02/07/2015 كتب
    Dewey Decimal Classification Unchecked   مكتبة الاميرة بديعة مكتبة الاميرة بديعة الإعارة 06/07/2004 6172   218,6/حسن   28/07/2025 06/07/2004 كتب
    Dewey Decimal Classification Unchecked   مكتبة الحسن العامة مكتبة الحسن العامة الإعارة 06/07/2004 10644   218,6/حسن   28/07/2025 06/07/2004 كتب
    Dewey Decimal Classification     مكتبة حمزة العامة مكتبة حمزة العامة الإعارة 20/10/2015 [5782].   218,6/حسن PLD00357623 28/07/2025 20/10/2015 كتب
    Dewey Decimal Classification     مكتبة صويلح العامة مكتبة صويلح العامة الإعارة 06/12/2015 [13072   218,6/حسن PLD00367611 28/07/2025 06/12/2015 كتب
    Dewey Decimal Classification Unchecked   مكتبة وادي السير العامة مكتبة وادي السير العامة الإعارة 06/07/2004 7026   218,6/حسن   28/07/2025 06/07/2004 كتب
Implemented & Customized by: BBB with SCIT (Smart Chains for Information Technology)

Powered by Koha